000 00537 a2200169 4500
999 _c8573
_d8573
010 _aENG-88506
020 _a9788185873350
_c1800.00
035 _aEN-72039
037 _bDBAD / PUB
082 1 4 _a631.62
245 1 _aAgricultural drainage:
_cby U.S. Kadam ... [et al]
_bprinciples and practices/
260 _aNew Dehli
_bWestville Publishing House
_c2008
270 _a47, B-5, Paschim Vihar,
_bNew Dehli
_e110 063
300 _axii, 539p.
_c24cm (Hb)
700 _aKadam, U.S.
942 _adpl
_cEN
_2ddc
_h631.62
_mAGR